000 00602cab a2200169 4500
001 ##L136256
008 070122n2007 000 0 eng u
035 _a(Sirsi) u136256
041 0 _aeng
245 0 0 _aSure touch
260 _c2007
490 0 _aRIBA Journal
_v114(1) January 2007, 26-32(6)
520 _aReports on the design, architecture and costing of St Anne's Sure Start Community Centre, Colchester. Contains brief building costs, layout plans and specifications. The total cost was £817 255.
651 4 _aUnited Kingdom
_y
690 _aBUILT ENVIRONMENT-BUILDING COSTS
942 _n0
999 _c78212
_d78212